[Event "Budapest Spring op 06th"]
[Site "Budapest"]
[Date "1990.??.??"]
[Round "3"]
[White "Atkins, Rita"]
[Black "Mijairvic, Z."]
[Result "1-0"]
[WhiteElo "2155"]
[BlackElo "2130"]
[PlyCount "69"]
[EventDate "1990.03.??"]
[EventType "swiss"]
[EventRounds "9"]
[EventCountry "HUN"]
[SourceTitle "CBM 017 Extra"]
[Source "ChessBase"]
[SourceDate "1990.09.01"]
[SourceVersion "1"]
[SourceVersionDate "1990.09.01"]
[SourceQuality "1"]

1. e4 c5 2. Nf3 e6 3. d4 cxd4 4. Nxd4 a6 5. Bd3 Nf6 6. c4 d6 7. 0-0 Bd7 8. Be3 Nc6 9. Nc3 Be7 10. f4 Nxd4 11. Bxd4 Bc6 12. Qe2 0-0 13. Rad1 Qc7 14. f5 e5 15. Be3 b5 16. cxb5 axb5 17. Bxb5 Nxe4 18. Nxe4 Bxe4 19. Qg4 Qb7 20. Bh6 Qb6+ 21. Kh1 Bf6 22. Bc4 Qc6 23. Bxg7 Bxg7 24. Bd5 Qd7 25. Qxe4 Qa7 26. b4 Qe7 27. Bb3 Ra7 28. f6 Bxf6 29. Bc2 Rd8 30. Rf3 Bg7 31. Rdf1 f6 32. Qxh7+ Kf8 33. Qg6 Kg8 34. Rxf6 Rdd7 35. Qh7# 1-0